Регионална библиотека "Любен Каравелов" - Русе

Sa Majeste le fauteuil magique (Запис номер 40584)

MARC детайли
000 -Лидер
Контролно поле с фиксирана дължина 00824nam a2200289 c 4500
003 - Код на организацията, давaща контролен номер
Контролно поле BLK
005 - Дата и час на последна редакция
Контролно поле 20180420221236.0
008 - Елементи от данни с фиксирана дължина
fixed length control field 180408b bul|||||r ||||||| ||bul||
010 ## - Наследен системен номер
LC control number KNG00044062000
020 ## - Международен стандартен номер на книга ISBN
Международен стандартен номер на книга ISBN 2-01-015795-8
-- издат.: Hachette
040 ## - Източник на каталожния запис
Идентификатор на билиотеката - собственик на записа BLK
041 ## - Код за език
Код за езика на текст/звукозапис или на отделно заглавие Френски
Код за езика КДБФ Френски
080 ## - УДК
Текстов определител УДК Английска литература
УДК код - определител по УДК 821.111
УДК определител -34
УДК - код + определител 821.111-34
100 1# - Редна дума - Автор
Автор Blyton, Enid
Авторска отговорност първи автор
R(LIN) 5453
139 ## - Редно поле
Редна дума Blyton, Enid
Авторски знак Blu - B 68
245 10 - Сведения за заглавието
Заглавие Sa Majeste le fauteuil magique
Редно поле (дума) Enid Blyton.
257 ## - Страна на издаване
Страна на създаване/издаване Франция
260 ## - Област на издателските данни
-- Paris
Име на издателя, разпространителя и проч. Hachette
Година на издаване 1990
300 ## - Физическа характеристика
Страници 96 c
Илюстрации и др. с ил.
Размери/Мащаб 18 см
380 ## - Жанр
Жанр Худож. лит.
490 1# - СЕРИИ (Колекции)
Име на серия Bibliotheque Rose : Minirose
№: серия 541
852 ## - Местоположение
Форматна сигнатура Цб І 29062
856 4# - Електронен адрес и достъп
Електронен формат pdf - файл
Път до файла /url/
856 4# - Електронен адрес и достъп
Електронен формат pdf - файл
Път до файла /url/
942 ## - АРТИКУЛИ
Вид на библиотечния материал Книги
Скрит в OPAC Не
944 ## - СЪЗДАВАНЕ И РЕДАКЦИЯ на ЗАПИСА
Създаване/Редакция Създаване
Дата на регистрацията/редакция 01.01.1999
Служител, извършил регистрацията/редакцията AB_DOS
944 ## - СЪЗДАВАНЕ И РЕДАКЦИЯ на ЗАПИСА
Създаване/Редакция Редакция
Дата на регистрацията/редакция 26.02.2018
Служител, извършил регистрацията/редакцията
999 ## - СИСТЕМНИ КОНТРОЛНИ НОМЕРА
Koha biblionumber 40584
Koha biblioitemnumber 40584
Наличности
Код за отписване Код за изгубен артикул Код за повреда Коз за рестрикции Код за отдаване Артикулен № Име на библиотеката - собственик Име на библиотеката, в която се намира в момента Статус (Текущо местоположение) Дата на вписване в системата Местоположение - отдел Цена в лева Инвентарен номер Систематично азбучна сигнатура Баркод Номер на екземпляра Цена в евро Служебна бележка Служебен тип на артикула Източник на класификационната схема
  Не е изгубен Не е повреден без рестрикции заемане за дома 63538 Регионална библиотека "Любен Каравелов" Русе Регионална библиотека "Любен Каравелов" Русе ЧЧЗО - англ. ез. - Британски съвет 2001-01-01 ЧЧЗО - англ. ез. - Британски съвет 0.00 631101 Ч3 820-34/B 68 631101 1 0.00 Дата инв: 23.03.2015 Бележки инв: Ч32015 Книги  
  Не е изгубен Не е повреден без рестрикции заемане за дома 63539 Регионална библиотека "Любен Каравелов" Русе Регионална библиотека "Любен Каравелов" Русе ЧЧЗО - англ. ез. - Британски съвет 1990-01-01 ЧЧЗО - англ. ез. - Британски съвет 0.00 631102 Ч3 820-34/B 68 631102 2 0.00 Дата: 01.01.1990 Книги  
  Не е изгубен Не е повреден без рестрикции заемане за дома 63540 Регионална библиотека "Любен Каравелов" Русе Регионална библиотека "Любен Каравелов" Русе ЧЧЗО - англ. ез. - Британски съвет 1990-01-01 ЧЧЗО - англ. ез. - Британски съвет 0.00 631104 Ч3 820-34/B 68 631104 3 0.00 Дата: 01.01.1990 Книги  
  Не е изгубен Не е повреден без рестрикции заемане за дома 63541 Регионална библиотека "Любен Каравелов" Русе Регионална библиотека "Любен Каравелов" Русе ЧЧЗО - англ. ез. - Британски съвет 1990-01-01 ЧЧЗО - англ. ез. - Британски съвет 0.00 631105 Ч3 820-34/B 68 631105 4 0.00 Дата: 01.01.1990 Книги  
Изтеглен Не е изгубен Не е повреден без рестрикции заемане за дома 63542 Регионална библиотека "Любен Каравелов" Русе Регионална библиотека "Любен Каравелов" Русе Детски отдел 1990-01-01 Детски отдел 2.50 631106 ДХ 820/899/B 68 631106 5 1.28 N: стар фонд Дата: 01.01.1990 Книги Universal Decimal Classification
Vip Innovations Ltd, Rousse, Bulgaria 2025